Catálogo

AMERICA LATINA : (Registro nro. 7831)

Detalles MARC
000 -LEADER
fixed length control field 00507nam a2200157 a 4500
001 - CONTROL NUMBER
control field 7831
005 - DATE AND TIME OF LATEST TRANSACTION
control field 20180713191731.0
008 - FIXED-LENGTH DATA ELEMENTS--GENERAL INFORMATION
fixed length control field 140415s1984 sp 000 0 spa d
041 ## - LANGUAGE CODE
Language code of text/sound track or separate title spa
082 ## - DEWEY DECIMAL CLASSIFICATION NUMBER
Classification number 980
Item number AME
245 00 - TITLE STATEMENT
Title AMERICA LATINA :
Remainder of title SINTESIS HISTORICA, POLITICA, ECONOMICA Y CULTURAL
250 ## - EDITION STATEMENT
Edition statement 1a ed.
260 ## - PUBLICATION, DISTRIBUTION, ETC.
Place of publication, distribution, etc. ESPAÑA :
Name of publisher, distributor, etc. HERDER,
Date of publication, distribution, etc. 1984
300 ## - PHYSICAL DESCRIPTION
Extent 381
650 14 - SUBJECT ADDED ENTRY--TOPICAL TERM
Topical term or geographic name entry element AMERICA LATINA
General subdivision CONDICIONES ECONOMICAS
-- AMERICA LATINA
-- CONDICIONES SOCIALES
-- AMERICA LATINA
-- HISTORIA
Existencias
Withdrawn status Lost status Source of classification or shelving scheme Damaged status Not for loan Collection code Home library Current library Shelving location Date acquired Source of acquisition Inventory number Total Checkouts Full call number Barcode Date last seen Date last checked out Price effective from Koha item type
    Dewey Decimal Classification     General Biblioteca Karol Wojtyla Biblioteca Karol Wojtyla Sala general 03/12/2013 Compra 151000000000000000038370 1 980 AME 21025 05/01/2026 08/05/2019 03/12/2013 Libro
    Dewey Decimal Classification     General Biblioteca Karol Wojtyla Biblioteca Karol Wojtyla Sala general 03/12/2013 Compra 151000000000000000038369 1 980 AME 21024 05/01/2026 17/05/2019 03/12/2013 Libro